| 000 | 01000cam a22002895i 4500 | ||
|---|---|---|---|
| 003 | EG-ScBUE | ||
| 005 | 20240131130737.0 | ||
| 008 | 090818s2010 ua f 0000 f ara d | ||
| 017 | _a2010 / 19834 | ||
| 020 | _a9789776382398 | ||
| 040 |
_aEG-ScBUE _bara _erda _cEG-ScBUE _dEG-ScBUE |
||
| 082 | 0 | 4 |
_a892.737 _bع ب د _222 |
| 100 | 1 |
_aعبد الحميد، عمرو، _eمؤلف. |
|
| 245 | 1 | 0 |
_aأرض زيكولا : _bرواية / _cعمرو عبد الحميد. |
| 264 | 1 |
_aالقاهرة : _bعصير الكتب للنشر والتوزيع، _c[2010] |
|
| 300 |
_a288 صفحة ؛ _c20 سم |
||
| 336 |
_aنص _btxt _2rdacontent |
||
| 337 |
_aبدون وسيط _bn _2rdamedia |
||
| 338 |
_aمجلد _bnc _2rdacarrier |
||
| 500 | _aمن أكثر الكتب مبيعا في الوطن العربي. | ||
| 541 | _aBook Fair 2024. | ||
| 650 | 7 |
_aالقصص العربية _yقرن 21. _2BUEsh |
|
| 651 | _2BUEsh | ||
| 653 |
_bARALIT _cJanuary2024 |
||
| 655 | _vReading book | ||
| 942 |
_2ddc _cBB |
||
| 999 |
_c30623 _d30594 |
||